<?xml version="1.0" encoding="UTF-8" ?>
<collection xmlns="http://www.loc.gov/MARC21/slim"><record><leader>00960nam a2200229   4500</leader><controlfield tag="001">230747</controlfield><controlfield tag="003">CH-000273-5</controlfield><controlfield tag="005">20250827152643.0</controlfield><datafield tag="020" ind1=" " ind2=" "><subfield code="a">978-0-268-20918-6</subfield></datafield><datafield tag="040" ind1=" " ind2=" "><subfield code="a">CH-000273-5</subfield><subfield code="b">ger</subfield><subfield code="e">rda</subfield></datafield><datafield tag="041" ind1="0" ind2=" "><subfield code="a">eng</subfield></datafield><datafield tag="100" ind1="1" ind2=" "><subfield code="a">Anderson, Jonathan A. </subfield><subfield code="d">1977-</subfield><subfield code="e">Verfasser</subfield><subfield code="4">aut</subfield></datafield><datafield tag="245" ind1="1" ind2="4"><subfield code="a">The invisibility of religion in contemporary art</subfield><subfield code="c">Jonathan A. Anderson</subfield></datafield><datafield tag="264" ind1=" " ind2="1"><subfield code="a">Notre Dame, Indiana</subfield><subfield code="b">University of Notre Dame Press</subfield><subfield code="c">[2025]</subfield></datafield><datafield tag="300" ind1=" " ind2=" "><subfield code="a">xv, 463 Seiten</subfield><subfield code="b">Illustrationen</subfield><subfield code="c">24 cm</subfield></datafield><datafield tag="336" ind1=" " ind2=" "><subfield code="a">Text</subfield><subfield code="b">txt</subfield><subfield code="2">rdacontent</subfield></datafield><datafield tag="337" ind1=" " ind2=" "><subfield code="a">ohne Hilfsmittel zu benutzen</subfield><subfield code="b">n</subfield><subfield code="2">rdamedia</subfield></datafield><datafield tag="338" ind1=" " ind2=" "><subfield code="a">Band</subfield><subfield code="b">nc</subfield><subfield code="2">rdacarrier</subfield></datafield><datafield tag="650" ind1=" " ind2="7"><subfield code="a">Religiöse Kunst</subfield><subfield code="y">Geschichte 1974-2024</subfield><subfield code="2">gnd</subfield></datafield><datafield tag="776" ind1="0" ind2="8"><subfield code="i">Erscheint auch als</subfield><subfield code="n">Online-Ausgabe (WebPDF)</subfield><subfield code="t">The invisibility of religion in contemporary art</subfield><subfield code="z">978-0-268-20921-6</subfield></datafield><datafield tag="776" ind1="0" ind2="8"><subfield code="i">Erscheint auch als</subfield><subfield code="n">Online-Ausgabe (Epub3)</subfield><subfield code="t">The invisibility of religion in contemporary art</subfield><subfield code="z">978-0-268-20920-9</subfield></datafield><datafield tag="852" ind1="4" ind2=" "><subfield code="a">CH-000273-5</subfield><subfield code="c">C 2025/0377</subfield></datafield></record></collection>